Every Place in Oklahoma - Statistics

General Stats
  • This quiz has been taken 1,255 times
  • The average score is 146 of 843
Answers on the Map
Answers color-coded by a green-red scale on the quiz's map according to % correct below.
 
Answer Stats
Places Population % Correct
Oklahoma City 681,054
95%
Tulsa 413,066
93%
Norman 128,026
81%
Broken Arrow 113,540
80%
Lawton 90,381
74%
Moore 62,793
74%
Edmond 94,428
73%
Enid 51,308
71%
Stillwater 48,394
71%
Muskogee 36,878
66%
Bartlesville 37,290
63%
Guymon 12,965
63%
Midwest City 58,409
63%
Ponca City 24,424
63%
Ada 16,481
60%
Ardmore 24,725
60%
Bixby 28,609
60%
Shawnee 31,377
60%
Yukon 23,630
60%
El Reno 16,989
59%
Jenks 25,949
59%
Miami 12,969
59%
Broken Bow 4,228
58%
Durant 18,589
57%
Sapulpa 21,929
57%
Owasso 38,240
56%
Tahlequah 16,209
56%
Elk City 11,561
54%
Guthrie 10,749
54%
McAlester 18,171
54%
Del City 21,822
53%
Mustang 19,879
53%
Sand Springs 19,874
53%
Woodward 12,133
53%
Chickasha 16,051
51%
Choctaw 12,182
51%
Duncan 22,692
51%
Weatherford 12,076
51%
Altus 18,729
49%
Idabel 6,961
49%
Newcastle 10,984
49%
Bethany 20,831
48%
Claremore 19,580
48%
Clinton 8,521
48%
Kingfisher 4,903
48%
Okmulgee 11,322
48%
Cherokee 1,476
47%
Pauls Valley 5,992
46%
Glenpool 13,691
45%
Seminole 7,146
45%
Cushing 8,327
44%
Alva 5,028
43%
Henryetta 5,640
43%
Pawhuska 2,984
43%
Perry 4,484
43%
Vinita 5,193
43%
Coweta 9,654
42%
Pawnee 1,936
42%
Piedmont 7,402
42%
Purcell 6,651
42%
Sulphur 5,065
42%
Atoka 3,195
41%
Beaver 1,280
41%
Boise City 1,166
41%
Jones 2,885
41%
Sallisaw 8,510
41%
Tuttle 7,413
41%
Wagoner 7,621
41%
Catoosa 7,440
40%
Grove 6,956
40%
Washington 673
40%
Blackwell 6,085
39%
Chandler 2,858
39%
Nichols Hills 3,870
39%
Hugo 5,166
38%
Noble 6,985
38%
Pryor Creek 9,444
38%
Tecumseh 6,302
38%
Warr Acres 10,452
38%
Anadarko 5,745
37%
Cleveland 3,205
37%
Collinsville 7,881
37%
Poteau 8,807
37%
Thackerville 400
37%
The Village 9,538
37%
Tishomingo 3,101
37%
Bristow 4,248
36%
Davis 2,823
36%
Eufaula 2,766
36%
Hooker 1,802
36%
Jay 2,425
36%
Nowata 3,517
36%
Skiatook 8,450
36%
Texhoma 856
36%
Antlers 2,221
35%
Blanchard 8,879
35%
Holdenville 5,934
35%
Perkins 3,205
35%
Stroud 2,719
35%
Watonga 2,690
35%
Harrah 6,245
34%
Haskell 1,626
34%
Morris 1,299
34%
Okemah 3,074
34%
Verdigris 5,256
34%
Wewoka 3,133
34%
Hobart 3,413
33%
Madill 3,914
33%
Mangum 2,762
33%
Mannford 3,262
33%
Marietta 2,719 | 82
33%
Sayre 4,809
33%
Slaughterville 4,163
33%
Sperry 1,115
33%
Arcadia 169
32%
Beggs 1,179
32%
Buffalo 1,039
32%
Deer Creek 78
32%
Dewey 3,372
32%
Fairview 2,740
32%
Frederick 3,468
32%
Hennessey 2,151
32%
Luther 1,492
32%
McLoud 4,351
32%
Pink 2,091
32%
Adair 732
31%
Checotah 3,018
31%
Hinton 4,917
31%
Hollis 1,795
31%
Hominy 3,329
31%
Kiowa 595
31%
Minco 1,500
31%
Spencer 3,978
31%
Tonkawa 3,015
31%
Waurika 1,837
31%
Wayne 625
31%
Wilburton 2,285
31%
Drumright 2,560
30%
Fort Gibson 3,814
30%
Kellyville 1,019
30%
Langston 1,619
30%
May 29
30%
Oilton 885
30%
Oologah 1,305
30%
Union City 1,794
30%
Vian 1,374
30%
Wynnewood 1,927
30%
Barnsdall 1,034
29%
Cheyenne 771
29%
Comanche 1,378
29%
Lone Grove 4,993
29%
Marlow 4,385
29%
Morrison 723
29%
Mounds 932
29%
Stigler 2,703
29%
Wilson 1,399
29%
Cache 2,930
28%
Elgin 3,656
28%
Goldsby 2,694
28%
Medford 932
28%
Okay 505
28%
Porter 561
28%
Prague 2,356
28%
Stilwell 3,700
28%
Talihina 925
28%
Yale 1,059
28%
Blue 200
27%
Coalgate 1,667
27%
Fairfax 1,136
27%
Heavener 2,985
27%
Inola 1,890
27%
Kingston 1,431
27%
Lindsay 2,864
27%
Muldrow 3,272
27%
Newkirk 2,172
27%
Pond Creek 885
27%
Shattuck 1,249
27%
Wellston 679
27%
Apache 1,034
26%
Arapaho 668
26%
Carnegie 1,430
26%
Carter 183
26%
Chelsea 1,991
26%
Crescent 1,299
26%
Jefferson 9
26%
Kiefer 2,187
26%
Lexington 2,010
26%
Meeker 1,004
26%
Nash 192
26%
North Enid 1,003
26%
Okarche 1,141
26%
Osage 177
26%
Pocola 4,255
26%
Ramona 524
26%
Seiling 850
26%
Spiro 2,102
26%
Thomas 1,143
26%
Tipton 864
26%
Weleetka 806
26%
Wetumka 1,135
26%
Allen 805
25%
Caddo 1,017
25%
Clayton 555
25%
Commerce 2,271
25%
Fort Cobb 518
25%
Glencoe 499
25%
Granite 1,628
25%
Hartshorne 1,947
25%
Mooreland 1,178
25%
Okeene 1,090
25%
Quapaw 811
25%
Roland 3,316
25%
Ryan 667
25%
Afton 734
24%
Canton 468
24%
Cashion 850
24%
Chouteau 2,059
24%
Cole 624
24%
Dickson 1,331
24%
Erick 1,000
24%
Garber 725
24%
Gore 951
24%
Grant 190
24%
Kansas 711
24%
Konawa 1,288
24%
Laverne 1,223
24%
Liberty 153 | 214
24%
Ringling 869
24%
Valliant 819
24%
Velma 554
24%
Waynoka 708
24%
Bethel Acres 3,029
23%
Binger 438
23%
Burns Flat 1,948
23%
Calera 2,916
23%
Calvin 309
23%
Coyle 350
23%
Dale 175
23%
Davenport 809
23%
Disney 222
23%
Freedom 174
23%
Geary 994
23%
Geronimo 1,158
23%
Healdton 2,328
23%
Hochatown 242
23%
Hulbert 483
23%
Hydro 927
23%
Johnson 457
23%
Krebs 2,083
23%
Lahoma 539
23%
Maysville 1,087
23%
New Cordell 2,775
23%
Red Oak 537
23%
Savanna 623
23%
Stratford 1,405
23%
Warner 1,593
23%
Wright City 616
23%
Blair 727
22%
Canadian 143
22%
Carney 545
22%
Elmore City 738
22%
Felt 77
22%
Le Flore 150
22%
Long 408
22%
Ninnekah 775
22%
Quinton 863
22%
Rattan 276
22%
Red Rock 245
22%
Shidler 328
22%
Silo 384
22%
Snyder 1,301
22%
Stonewall 414
22%
Stringtown 419
22%
Welch 622
22%
Bokchito 574
21%
Bowlegs 357
21%
Byng 1,393
21%
Caney 185 | 382
21%
Dibble 867
21%
Fairland 1,106
21%
Helena 1,537
21%
Leon 74
21%
Mead 227
21%
Mulhall 212
21%
Paoli 583
21%
Springer 685
21%
Taft 174
21%
Wapanucka 386
21%
Washita 83
21%
Bell 191
20%
Bridge Creek 336
20%
Colbert 1,027
20%
Dewar 763
20%
Fletcher 1,204
20%
Fort Towson 492
20%
Garvin 177
20%
Jennings 280
20%
Kinta 285
20%
Mannsville 728
20%
Pittsburg 180
20%
Pocasset 183
20%
Preston 169
20%
Ralston 266
20%
Ravia 464
20%
Roosevelt 254
20%
Salina 1,085
20%
Sequoyah 730
20%
Smithville 77
20%
South Coffeyville 683
20%
Tushka 413
20%
Tyrone 729
20%
Westville 1,364
20%
Wister 1,031
20%
Wynona 370
20%
Asher 370
19%
Boswell 579
19%
Depew 411
19%
Gotebo 174
19%
Indianola 51 | 148
19%
Millerton 215
19%
Panama 1,269
19%
Roff 632
19%
Soper 225
19%
Sweetwater 102
19%
Temple 862
19%
Tupelo 327
19%
West Siloam Springs 1,000
19%
Achille 398
18%
Agra 311
18%
Bennington 282
18%
Byars 184
18%
Corn 592
18%
Cyril 827
18%
Dill City 420
18%
Fox 92
18%
Gene Autry 154
18%
Haworth 291
18%
Howe 625
18%
IXL 59
18%
Keyes 276
18%
Lane 300
18%
Langley 606
18%
Maud 867
18%
Oakland 831
18%
Ratliff City 64
18%
Sawyer 340
18%
Shamrock 65
18%
Slick 151
18%
Strong City 33
18%
Texola 43
18%
Turley 2,607
18%
Walters 2,412
18%
Albany 118
17%
Blackburn 70
17%
Boley 1,091
17%
Calumet 443
17%
Cameron 323
17%
Cement 436
17%
Coleman 290
17%
Haileyville 716
17%
Hendrix 61
17%
Jet 197
17%
Kenton 31
17%
Keota 437
17%
Locust Grove 1,371
17%
Medicine Park 411
17%
Oak Grove 22
17%
Orlando 130
17%
Porum 602
17%
Arnett 495
16%
Atwood 85
16%
Bryant 19
16%
Dougherty 199
16%
Dover 400
16%
Hanna 102
16%
Lambert 5
16%
Latta 1,465
16%
Milburn 252
16%
Moyers 60
16%
Peoria 126
16%
Sharon 133
16%
Tryon 378
16%
Arkoma 1,806
15%
Big Cabin 174
15%
Boynton 161
15%
Cartwright 492
15%
Nashoba 51
15%
Swink 65
15%
Wyandotte 488
15%
Alex 482
14%
Armstrong 113
14%
Bearden 135
14%
Bentley 42
14%
Billings 578
14%
Bug Tussle 220
14%
Central High 1,181
14%
Clarita 135
14%
Copan 710
14%
Crowder 306
14%
Custer City 367
14%
Delaware 267
14%
Empire City 703
14%
Fairmont 132
14%
Goodwell 951
14%
Hoot Owl 0
14%
Ketchum 471
14%
Lebanon 210
14%
Lehigh 272
14%
Leonard 262
14%
Longtown 2,659
14%
Marshall 210
14%
McCurtain 355
14%
Olive 110
14%
Park Hill 3,193
14%
Stuart 192
14%
Texanna 2,293
14%
Tuskahoma 102
14%
Vici 611
14%
Adams 148
13%
Amber 413
13%
Bridgeport 97
13%
Forest Park 1,049
13%
Fort Supply 317
13%
Gage 433
13%
Grandfield 919
13%
Kaw City 325
13%
Kenefic 147
13%
Keys 1,030
13%
Little City 136
13%
Nicoma Park 2,313
13%
Oktaha 343
13%
Prue 374
13%
Arpelar 291
12%
Cottonwood 117
12%
Fay 32
12%
Forgan 450
12%
Kemp 126
12%
Lamont 301
12%
Platter 159
12%
Putnam 30
12%
Ripley 346
12%
Rose 225
12%
Taloga 288
12%
Utica 51
12%
Valley Brook 665
12%
Wakita 311
12%
Waukomis 1,349
12%
Webb City 58
12%
Bison 56
11%
Burneyville 815
11%
Bushyhead 1,292
11%
Centrahoma 81
11%
Cooperton 3
11%
Drummond 455
11%
Earl 44
11%
Fairfield 626
11%
Finley 38
11%
Fort Coffee 335
11%
Foyil 368
11%
Gate 60
11%
Hammon 479
11%
Haywood 150
11%
Indiahoma 275
11%
Monroe 164
11%
Paden 419
11%
Rush Springs 997
11%
Talala 258
11%
Wanette 279
11%
Avant 301
10%
Cedar Lake 404
10%
Cleo Springs 287
10%
Fargo 312
10%
Golden 71
10%
Lawrence Creek 121
10%
Mountain View 740
10%
Oakwood 74
10%
Ochelata 427
10%
St. Louis 121
10%
Ames 193
9%
Avard 11
9%
Baker 37
9%
Braman 160
9%
Camargo 193
9%
Canute 494
9%
Carlton Landing 94
9%
Carmen 360
9%
Chattanooga 400
9%
Chester 176
9%
Colcord 728
9%
Covington 472
9%
Eakly 293
9%
Earlsboro 594
9%
Eldorado 317
9%
Elm Grove 192
9%
Goltry 251
9%
Grandview 1,321
9%
Hallett 105
9%
Hardesty 205
9%
Ingalls 192
9%
Kremlin 247
9%
Lake Aluma 87
9%
Leedey 415
9%
Lookeba 78
9%
Lotsee 6
9%
Marland 184
9%
McCord 1,418
9%
Mill Creek 293
9%
Mountain Park 320
9%
North Miami 290
9%
Oakhurst 2,262
9%
Optima 338
9%
Pontotoc 81
9%
Randlett 289
9%
Reydon 137
9%
Rocky 128
9%
Spavinaw 350
9%
Turpin 442
9%
Webbers Falls 338
9%
Whitesboro 172
9%
Winchester 546
9%
Aline 168
8%
Braggs 270
8%
Breckenridge 199
8%
Burbank 123
8%
Burlington 124
8%
Carrier 90
8%
Copeland 1,511
8%
Davidson 241
8%
Dixon 168
8%
Etowah 159
8%
Gould 103
8%
Gracemont 279
8%
Greenfield 114
8%
Hitchcock 102
8%
Hunter 145
8%
Martha 162
8%
Milfay 74
8%
Olustee 468
8%
Quay 39
8%
Sentinel 763
8%
Seward 26
8%
Tenkiller 390
8%
Watts 227
8%
Willow 119
8%
Bray 952
7%
Butler 146 | 208
7%
Cedar Valley 405
7%
Colony 112
7%
Dacoma 109
7%
Douglas 51
7%
Faxon 114
7%
Foraker 18
7%
Foss 101
7%
Gans 251
7%
Hillsdale 75
7%
Hollister 35
7%
Isabella 114
7%
Knowles 6
7%
Lone Wolf 373
7%
Longdale 186
7%
Macomb 22
7%
Manchester 90
7%
Meno 198
7%
Meridian 14
7%
Mutual 63
7%
Oaks 267
7%
Pensacola 101
7%
Redbird 89
7%
Ringwood 401
7%
Rosston 52
7%
Shady Point 972
7%
Short 290
7%
Skedee 62
7%
Smith Village 49
7%
Sparks 122
7%
Sterling 668
7%
Verden 508
7%
White Eagle 520
7%
Woodlawn Park 160
7%
Bee 135
6%
Bernice 422
6%
Bessie 182
6%
Bluejacket 235
6%
Bokoshe 396
6%
Bradley 78
6%
Brooksville 71
6%
Byron 37
6%
Capron 27
6%
Cimarron City 155
6%
Cookson 826
6%
Cromwell 238
6%
Cumberland 315
6%
Devol 93
6%
Durham 21
6%
Dustin 327
6%
Eagletown 404
6%
Elmer 65
6%
Fanshawe 317
6%
Fitzhugh 183
6%
Francis 244
6%
Friendship 23
6%
Grayson 127
6%
Horntown 92
6%
Hough 20
6%
Justice 1,424
6%
Katie 332
6%
Lima 68
6%
Limestone 804
6%
Loyal 71
6%
Manitou 171
6%
Maramec 66
6%
Mazie 74
6%
Peggs 789
6%
Reagan 67
6%
Renfrow 15
6%
Rock Island 717
6%
Rosedale 62
6%
Sasakwa 80
6%
Schulter 422
6%
Selman 12
6%
Sumner 35
6%
Terlton 77
6%
Terral 280
6%
Tribbey 337
6%
Tullahassee 83
6%
Vera 334
6%
Welling 781
6%
Westport 448
6%
White Oak 208
6%
Zena 181
6%
Addington 83
5%
Albion 58
5%
Bowring 78
5%
Briggs 1,028
5%
Bromide 123
5%
Brushy 811
5%
Clearview 41
5%
Cornish 110
5%
Dennis 221
5%
Fair Oaks 73
5%
Fallis 21
5%
Fittstown 78
5%
Grainola 31
5%
Greenville 167
5%
Gregory 377
5%
Hastings 104
5%
Headrick 74
5%
Hopeton 22
5%
Leach 249
5%
Lenapah 272
5%
Loco 99
5%
Loveland 13
5%
Lucien 66
5%
Middleberg 99
5%
Murphy 140
5%
Norge 129
5%
Rentiesville 103
5%
Sams Corner 132
5%
Strang 64
5%
Summit 108
5%
Sunray 853
5%
Tatums 111
5%
Valley Park 19
5%
Wann 95
5%
Zeb 520
5%
Zion 30
5%
Amorita 38
4%
Ashland 35
4%
Brent 760
4%
Castle 169
4%
Cleora 1,220
4%
Connerville 59
4%
Cowlington 109
4%
Dodge 89
4%
Dotyville 89
4%
Eagle City 40
4%
Emet 69
4%
Erin Springs 89
4%
Foster 246
4%
Gerty 92
4%
Hennepin 143
4%
Hickory 86
4%
Hodgen 62
4%
Hoffman 81
4%
Homestead 41
4%
Kendrick 87
4%
Little Ponderosa 438
4%
Lost City 767
4%
Lovell 28
4%
Marble City 186
4%
Mehan 34
4%
Narcissa 92
4%
Nardin 43
4%
New Alluwe 89
4%
Phillips 122
4%
Piney 101
4%
Quinlan 28
4%
Rocky Point 946
4%
Shady Grove 487 | 519
4%
Snake Creek 255
4%
Taylor Ferry 819
4%
Tiawah 235
4%
Twin Lakes 178
4%
Warwick 164
4%
Welty 131
4%
Whippoorwill 75
4%
Whitefield 371
4%
Wickliffe 1,026
4%
Woodall 816
4%
Adamson 69
3%
Akins 405
3%
Alderson 220
3%
Bache 105
3%
Badger Lee 63
3%
Ballou 155
3%
Blanco 105
3%
Box 153
3%
Bull Hollow 61
3%
Bunch 70
3%
Carlisle 483
3%
Cayuga 160
3%
Cedar Crest 276
3%
Chance 215
3%
Cherry Tree 703
3%
Chewey 548
3%
Christie 427
3%
Clarksville 17
3%
Cloud Creek 319
3%
Council Hill 108
3%
Deer Lick 34
3%
Dripping Springs 54
3%
Drowning Creek 174
3%
Dry Creek 233
3%
Dwight Mission 76
3%
East Duke 394
3%
Edgewater Park 262
3%
Eldon 347
3%
Flint Creek 741
3%
Gideon 229
3%
Gowen 244
3%
Greasy 248
3%
Hitchita 60
3%
Iron Post 65
3%
Kildare 86
3%
Lake Ellsworth Addition 223
3%
Lakeside Village 162
3%
Lamar 118
3%
Lawtonka Acres 187
3%
Little Rock 197
3%
Lyons Switch 518
3%
Moffett 38
3%
Moodys 854
3%
Nelagoney 71
3%
Nescatunga 90
3%
New Eucha 400
3%
New Woodville 60
3%
Norwood 1,679
3%
Old Eucha 23
3%
Panola 73
3%
Paradise Hill 73
3%
Peavine 372
3%
Peckham 38
3%
Pershing 42
3%
Pettit 829
3%
Pickett 774
3%
Pin Oak Acres 321
3%
Proctor 180
3%
Pump Back 160
3%
Redbird Smith 526
3%
Remy 505
3%
River Bottom 248
3%
Rocky Ford 283
3%
Rocky Mountain 471
3%
Sand Hill 339
3%
Simms 261
3%
Spaulding 149
3%
Sportsmen Acres 317
3%
Stidham 17
3%
Stoney Point 176
3%
Sugden 22
3%
Sycamore 65
3%
Tamaha 152
3%
Titanic 259
3%
Tonkawa Tribal Housing 310
3%
Toppers 911
3%
Twin Oaks 328
3%
Vanoss 146
3%
Wainwright 93
3%
Wardville 53
3%
Watova 32
3%
West Peavine 167
3%
Whitehorn Cove 1,201
3%
Barber 303
2%
Belfonte 298
2%
Blackgum 47
2%
Briartown 185
2%
Brush Creek 14
2%
Caney Ridge 120
2%
Cave Spring 74
2%
Crescent Springs 184
2%
Duchess Landing 157
2%
Elohim City 45
2%
Enterprise 170
2%
Evening Shade 378
2%
Flute Springs 87
2%
Grand Lake Towne 80
2%
Hanson 58
2%
Hoyt 82
2%
Keefton 732
2%
Lequire 127
2%
Mallard Bay 280
2%
Mulberry 96
2%
Notchietown 302
2%
Old Green 310
2%
Pinhook Corner 139
2%
Sand Point 251
2%
Scipio 53
2%
Sour John 71
2%
Steely Hollow 292
2%
Teresita 188
2%
Wauhillau 307
2%
White Water 79
2%
Yeager 45
2%
Baron 243
1%
Canadian Shores 233
1%
Etta 80
1%
Honey Hill 160
1%
Johnson Prairie 94
1%
Kenwood 904
1%
Lowrey 286
1%
McBride 128
1%
Nicut 286
1%
Oak Hill-Piney 191
1%
Pumpkin Hollow 176
1%
Sparrowhawk 202
1%
Sportmans Shores 239
1%
Tagg Flats 12
1%
No matching quizzes found
Score Distribution
Percent of People with Each Score
Percentile by Number Answered
Your Score History
You have not taken this quiz